| 000 | 00420cam a2200169ua 4500 | ||
|---|---|---|---|
| 020 | _c1200.00 | ||
| 041 |
_aeng _h |
||
| 082 |
_a632.12 _bALI/DR |
||
| 100 | _aAli, Masood . | ||
| 245 | 0 | 0 |
_aDrought management / _cMasood Ali. _hTextual Documents |
| 260 |
_aUdaypur : _bAgro-tech publishing academy , _c2006. |
||
| 300 | _a384 ; . | ||
| 365 | _a1200.00 | ||
| 504 | _a | ||
| 942 | _cBK | ||
| 999 |
_c13372 _d13372 |
||